000 01633cam a22004694i 4500
003 PE-LiUPU
005 20250731173445.0
008 150616s r 000 0 d
020 _a9505510187
035 _a(Sirsi) i9789505510184
040 _aPE-LiUPU
_bspa
_cPE-LiUPU
_erda
049 _aPRUA
082 0 4 _a270.6
_bW78
_221
100 1 _aWitthaus, Carlos,
_eautor.
245 1 0 _aObras de Martin Lutero.
_n9 /
_cCarlos Withaus.
264 1 _aBuenos Aires :
_bEdiciones La Aurora,
_c1983.
300 _a482 páginas ;
_c23 centímetros
336 _atext
_2rdacontent
337 _aunmediated
_2rdamedia
338 _avolume
_2rdacarrier
490 0 _aClásicos de la Religión ;
_v9
505 0 _aSermones: Qué caracteriza al buen predicador y la buena predica.- El mensaje de Cristo.- El camino de la iglesia de Cristo.- La vida de Cristo en la tierra.predicador.
526 _aSEG42
526 _aSEG41
526 _aSEG40
526 _aSEG39
526 _aP94
526 _aP87
526 _aP86
526 _aP85
526 _aP77
526 _aP76
526 _aP35
600 1 _aLutero, Martín
_vSermones
910 _ajck
_bjvq
_cjck
942 _2ddc
_cBOOK
949 _a270.6 W78 9
_wDEWEY
_c1
_i28877
_lCCODEBUL1
_mBUL
_r0
_sY
_tBOOK
_u2015-6-16
_xTEOLOGIA
_zUNKNOWN
_0COMPRA
_o.STAFF. Colección General
994 _aC0
_bPEPRU
596 _a1
999 _a270.6 W78 9
_wDEWEY
_c56942
_i28877
_d56942
_f2021-11-12
_g5
_lCCODEBUL1
_mBUL
_q2
_r0
_sY
_tBOOK
_u2015-6-16
_xTEOLOGIA
_zUNKNOWN
_0COMPRA
_o.STAFF. Colección General
980 _81
_gALBERTO SANCHEZ Responsable de Automatización